Rukoväť audítorských štandardov

Pokračovanie príspevku z predchádzajúceho čísla. Zodpovednosť audítora za vypracovanie audítorskej dokumentácie.

Na minha lista:
Detalhes bibliográficos
Autor principal: Krišková, Petra, 1981-
Outros Autores: Užík, Ján, 1969-
Formato: Capítulo de Livro
Idioma:eslovaco
Assuntos:
Tags: Adicionar Tag
Sem tags, seja o primeiro a adicionar uma tag!

MARC

LEADER 00000naa a2200000 4500
001 0226656
005 20240502073731.4
041 0 |a slo 
044 |a SK 
245 1 0 |a Rukoväť audítorských štandardov  |c Petra Krišková, Ján Užík 
520 |a Pokračovanie príspevku z predchádzajúceho čísla. Zodpovednosť audítora za vypracovanie audítorskej dokumentácie. 
610 2 0 |a štandardy audítorské medzinárodné 
610 2 0 |a audítori 
610 2 0 |a audítorstvo 
610 2 0 |a dokumentácia účtovná 
100 1 |a Krišková, Petra, 1981- 
700 1 |a Užík, Ján, 1969-